00474nam a22001457a 450000500170000001000130001702000260003003700220005610000310007824500620010925000110017126000390018227000790022130000280030020211006114856.0 aEN230921 a9789386446183c350.00 bSage Publications aChowdhuri, Satyabrata Rai  aLeftism in India 1917-1947 /cby Satyabrata Rai Chowdhuri a2nd ed aNew DelhibSage Publicationsc2017 aB1/I-1, Mohan Cooperative Industrial Area, Mathura RoadbNew Delhie110044 axviii, 190p.c24cm(pbk)